Preventing the Proliferation of WMDs Measuring the Success of UN Security Council Resolution 1540 /

This edited volume provides a fresh analysis for researcher and practitioners regarding United Nations Security Council resolution 1540, the status of its implementation, and its future by providing an original evaluation of progress in implementation and challenges faced during the resolution'...

Full description

Bibliographic Details
Corporate Author: SpringerLink (Online service)
Other Authors: Salisbury, Daniel (Editor, http://id.loc.gov/vocabulary/relators/edt), Stewart, Ian J. (Editor, http://id.loc.gov/vocabulary/relators/edt), Viski, Andrea (Editor, http://id.loc.gov/vocabulary/relators/edt)
Format: Electronic eBook
Language:English
Published: Cham : Springer International Publishing : Imprint: Palgrave Pivot, 2018.
Edition:1st ed. 2018.
Subjects:
Online Access:Full Text via HEAL-Link
LEADER 05063nam a2200565 4500
001 978-3-319-72203-0
003 DE-He213
005 20191025141103.0
007 cr nn 008mamaa
008 180410s2018 gw | s |||| 0|eng d
020 |a 9783319722030  |9 978-3-319-72203-0 
024 7 |a 10.1007/978-3-319-72203-0  |2 doi 
040 |d GrThAP 
050 4 |a JZ5587-6009 
072 7 |a JPS  |2 bicssc 
072 7 |a POL012000  |2 bisacsh 
072 7 |a JPS  |2 thema 
082 0 4 |a 327.1  |2 23 
245 1 0 |a Preventing the Proliferation of WMDs  |h [electronic resource] :  |b Measuring the Success of UN Security Council Resolution 1540 /  |c edited by Daniel Salisbury, Ian J. Stewart, Andrea Viski. 
250 |a 1st ed. 2018. 
264 1 |a Cham :  |b Springer International Publishing :  |b Imprint: Palgrave Pivot,  |c 2018. 
300 |a XVII, 146 p. 3 illus.  |b online resource. 
336 |a text  |b txt  |2 rdacontent 
337 |a computer  |b c  |2 rdamedia 
338 |a online resource  |b cr  |2 rdacarrier 
347 |a text file  |b PDF  |2 rda 
505 0 |a Chapter 1: Introduction - Daniel Salisbury, Ian J. Stewart, and Andrea Viski -- Chapter 2: A History of United Nations Security Council Resolution 1540 - William H. Tobey -- Chapter 3: UNSCR 1540: Implementation Trends - Andrea Viski -- Chapter 4: Regional Implementation of UNSCR 1540 - Rajiv Nayan -- Chapter 5: UNSCR 1540 Implementation: Challenges Past and Present - Daniel Salisbury -- Chapter 6: Preventing WMD Proliferation: The Future of UNSCR 1540 - Ian J. Stewart -- Chapter 7: Conclusions: the Future of UNSCR 1540 - Daniel Salisbury, Ian J. Stewart, and Andrea Viski -- Appendix 1: Full Text of UNSCR 1540 (2004). 
520 |a This edited volume provides a fresh analysis for researcher and practitioners regarding United Nations Security Council resolution 1540, the status of its implementation, and its future by providing an original evaluation of progress in implementation and challenges faced during the resolution's first decade. In doing so, the book will consider the resolution's utility as a non-proliferation tool with a view to identifying what further actions are required for the objectives and goals embodied by UNSCR 1540 to be achieved and sustained.  The book progresses by exploring the history of the resolution, implementation trends, implementation from a regional perspective, challenges, and future ways forward. The book appeals to a wide readership of scholars, policymakers, and other stakeholders of the 1540 process. Daniel Salisbury is a Postdoctoral Fellow at the James Martin Center for Nonproliferation Studies (CNS) at the Middlebury Institute of International Studies at Monterey, USA. Before joining CNS Daniel worked at in the Department of War Studies at King's College London (KCL), UK on a series of projects on non-proliferation, export controls and nuclear security.  Ian J. Stewart is a Senior Research Fellow in the Department of War Studies and runs Project Alpha at King's College London, UK. Before joining KCL, Mr Stewart worked for the British Ministry of Defence, where he was an analyst working on issues related to non-proliferation and illicit trade.  Andrea Viski is a Senior Research Associate at Project Alpha, Department of War Studies, King's College London, UK, focusing on strategic trade controls and capacity-building. She previously worked for the European Commission and the Stockholm International Peace Research Institute (SIPRI), Sweden. She is the current editor-in-chief of the Strategic Trade Review. 
650 0 |a Security, International. 
650 0 |a Peace. 
650 0 |a International organization. 
650 0 |a Politics and war. 
650 0 |a International humanitarian law. 
650 1 4 |a International Security Studies.  |0 http://scigraph.springernature.com/things/product-market-codes/912120 
650 2 4 |a Conflict Studies.  |0 http://scigraph.springernature.com/things/product-market-codes/912060 
650 2 4 |a International Organization.  |0 http://scigraph.springernature.com/things/product-market-codes/912010 
650 2 4 |a Peace Studies.  |0 http://scigraph.springernature.com/things/product-market-codes/912070 
650 2 4 |a Military and Defence Studies.  |0 http://scigraph.springernature.com/things/product-market-codes/912080 
650 2 4 |a International Humanitarian Law, Law of Armed Conflict.  |0 http://scigraph.springernature.com/things/product-market-codes/R19030 
700 1 |a Salisbury, Daniel.  |e editor.  |4 edt  |4 http://id.loc.gov/vocabulary/relators/edt 
700 1 |a Stewart, Ian J.  |e editor.  |4 edt  |4 http://id.loc.gov/vocabulary/relators/edt 
700 1 |a Viski, Andrea.  |e editor.  |4 edt  |4 http://id.loc.gov/vocabulary/relators/edt 
710 2 |a SpringerLink (Online service) 
773 0 |t Springer eBooks 
776 0 8 |i Printed edition:  |z 9783319722023 
776 0 8 |i Printed edition:  |z 9783319722047 
776 0 8 |i Printed edition:  |z 9783030101688 
856 4 0 |u https://doi.org/10.1007/978-3-319-72203-0  |z Full Text via HEAL-Link 
912 |a ZDB-2-POS 
950 |a Political Science and International Studies (Springer-41174)